|
|
|
|
| LEADER |
00000nam2a2200000 4500 |
| 001 |
274407 |
| 005 |
20231031230317.0 |
| 035 |
|
|
|a (RuTPU)RU\TPU\book\297617
|
| 090 |
|
|
|a 274407
|
| 100 |
|
|
|a 20141105d1985 k y0rusy50 ca
|
| 101 |
0 |
|
|a rus
|
| 102 |
|
|
|a RU
|
| 105 |
|
|
|a a z 101zy
|
| 200 |
0 |
|
|a Ч. 2
|
| 210 |
|
|
|d 1985
|
| 215 |
|
|
|a 210 с.
|c ил.
|
| 320 |
|
|
|a Библиогр. в конце ст.
|
| 461 |
|
1 |
|0 (RuTPU)RU\TPU\book\333520
|t Мало- и безотходные технологии в энергетике как средства защиты окружающей среды и повышения эффективности топливоиспользования
|o материалы Всесоюзного совещания, г. Москва, октябрь 1984 г.
|o в 2 ч.
|f Энергетический научно-исследовательский институт им. Г.М. Кржижановского (ЭНИН)
|v Ч. 2
|d 1985
|
| 606 |
1 |
|
|a Топливо
|x Использование
|2 stltpush
|3 (RuTPU)RU\TPU\subj\32994
|
| 610 |
1 |
|
|a топливоиспользование
|
| 610 |
1 |
|
|a малоотходные технологии
|
| 610 |
1 |
|
|a безотходные технологии
|
| 610 |
1 |
|
|a энергетика
|
| 610 |
1 |
|
|a экологический аспект
|
| 610 |
1 |
|
|a тепловые электрические станции
|
| 610 |
1 |
|
|a золошлаковые отходы
|
| 610 |
1 |
|
|a строительство
|
| 610 |
1 |
|
|a предварительная подготовка
|
| 610 |
1 |
|
|a вторичные продукты
|
| 610 |
1 |
|
|a тепловые выбросы
|
| 610 |
1 |
|
|a низкопотенциальная теплота
|
| 610 |
1 |
|
|a водоиспользование
|
| 610 |
1 |
|
|a высокоминерализованные сбросы
|
| 610 |
1 |
|
|a материалы конференций
|
| 675 |
|
|
|a 662.6(063)
|v 3
|
| 801 |
|
1 |
|a RU
|b 63413507
|c 20141105
|
| 801 |
|
2 |
|a RU
|b 63413507
|c 20160517
|g RCR
|
| 942 |
|
|
|c BK
|